She-Hulk Villains by Picture - Statistics

General Stats
  • This quiz has been taken 29 times
  • The average score is 2 of 7
Answer Stats
Picture Answer % Correct
Titania
96%
Volcana
39%
Man-Elephant
9%
Abominatrix
4%
Adrenazon
4%
Grappler
4%
Ultima
4%
No matching quizzes found
Score Distribution
Percent of People with Each Score
Percentile by Number Answered
Your Score History
You have not taken this quiz